| 000 | 01190nas a2200397 4500 | ||
|---|---|---|---|
| 001 | BR0603127 | ||
| 003 | BR-BrBNA | ||
| 005 | 20231205110139.0 | ||
| 007 | ta | ||
| 008 | 230509b bl.|||p| |||| 00| 00por d | ||
| 040 |
_aBR-BrBNA _bpor _cBiblioteca Nacional de Agricultura |
||
| 041 | _a(Pt) | ||
| 072 | _aE16; L02 | ||
| 100 | 1 | _aPeres, A.A.C. | |
| 100 | 1 | _aVasquez, H.M. | |
| 100 | 1 | _aSilva, J.F.C. | |
| 100 | 1 | _aSouza, P.M. | |
| 100 | 1 | _aSoares, C.S. | |
| 100 | 1 | _aBarros, S.C.W. | |
| 100 | 1 | _aMorenz, M.J.F. | |
| 100 | 1 | _aDetmann, E. | |
| 245 | 1 | _aAvaliação produtiva e econômia de sistemas de produção bovina em pastagens de capim-elefante | |
| 650 | _aGADO ZEBU | ||
| 650 | _aGADO HOLANDÊS | ||
| 650 | _aCAPIM ELEFANTE | ||
| 650 | _aPASTAGEM | ||
| 650 | _aPASTEJO | ||
| 650 | _aANÁLISE ECONÔMICA | ||
| 650 | _aGANHO DE PESO | ||
| 650 | _aSISTEMA DE PRODUÇÃO | ||
| 650 | _aEFICIÊNCIA REPRODUTIVA | ||
| 650 | _aMODELO MATEMÁTICO | ||
| 773 | 0 |
_tArquivo Brasileiro de Medicina Veterinária e Zootecnia (Brazil) _xISSN 0102-0935 _g(Jun 2005), v. 57(3) p. 367-373 _wBR0603127 |
|
| 909 |
_a202311 _bLúcia _c55 _dLúcia Elande |
||
| 942 |
_2AGRIS _n0 _cANA |
||
| 999 |
_c186345 _d186345 |
||